Characters Played By Different Actors #8 - Statistics

General Stats
  • This quiz has been taken 286 times
  • The average score is 8 of 20
Answer Stats
Actors Hint Character % Correct
Terrence Howard; Will Smith boxer Muhammad Ali
90%
Burt Ward; Chris O'Donnell sidekick Robin
78%
James Earl Jones; Denzel Washington activist Malcolm X
72%
James Earl Jones; David Oyelowo activist Martin Luther King, Jr.
68%
Peter Weller; Joel Kinnaman cyborg Robocop
59%
James Marsden; Rob Lowe president John F Kennedy
52%
DeForest Kelley; Karl Urban doctor Leonard McCoy
48%
Walter Matthau; Ed Metzger scientist Albert Einstein
44%
Desmond Llewelyn; John Cleese quartermaster Q
34%
Taylor Kitsch; Channing Tatum* mutant Gambit
32%
Alan Cumming; Kodi Smit-McPhee* mutant Nightcrawler
32%
Ernest Borgnine; Leonardo DiCaprio g man J Edgar Hoover
30%
Dolph Lundgren; Thomas Jane vigilante The Punisher
29%
Gary Oldman; Diedrich Bader patsy Lee Harvey Oswald
25%
Richard Harris; Justin Timberlake king King Arthur
24%
Michael Biehn; Jai Courtney soldier Kyle Reese
14%
Gary Sinise; Tim Roth governor George Wallace
11%
Raul Julia; Neal McDonough crimelord M. Bison
11%
Chris Latta; Joseph Gordon-Levitt terrorist Cobra Commander
5%
Joseph Gordon-Levitt; Bruce Willis assassin Joe
5%
No matching quizzes found
Score Distribution
Percent of People with Each Score
Percentile by Number Answered
Your Score History
You have not taken this quiz